=LDR 00000nam 2200000 4500 =001 INLIS000000000038075 =005 20130612143752 =008 ***********************************ind** =035 ##$$0010-061300000038075 =041 ##$$a ind =082 ##$$a 362.2 =090 ##$$a 362.2, Pra p =100 ##$$a Pascal, Geald Ross =245 ##$$a The Practical Art Of Dignostic Interviewing =650 ##$$a Diagnosis =850 ##$$a NBPNMAT